02507nas a2200229Ia 4500001001100000003001000011008004100021040002500062041001400087100001500101210002400116222002400140245011100164250001100275260004900286300001200335310001000347500089100357501011401248520089101362650002402253R235-R2563IT-CnALBA170116c99999999xx |||||||||||| ||und|| aIT-CnALBAcIT-CnALBA aFRANCESE  aPOIRSON A. aLA REVUE DES SAINTS aLA REVUE DES SAINTS 0aLA REVUE DES SAINTS. N. XIII. AN. II. AVRIL 1928. N. XXXVI AN. IV, MARS 1930. N. XLVI AN. V. JAN. 1931...  a1a ed. a PARISbBONNE PRESSE, MAISON DE LA... cn.d. a574 p.  aVARIA a... N. XLVIII N. LII. AN. V. 1931. N. LIV. AN. V. 1931. LA RIVISTA DEI SANTI E SANTE. RACCOLTA MANCANTE DI ALCUNI FASCICOLI. S. VINCENZO FERRERI. . GERTRUDE DI WAUDRU. S. MACARIO. ROBERTO BEATA MARIA DELL'INCARNAZIONE. FEDELE DI SIGMARINGA. CATERINA DA SIENA. SOFRONIO EUFRASIA MATILDE. S. BASILIO DI ANCIRA. GIUSEPPE ORIOL. GIOVANNI DAMASCENO GIOVANNI CLIMACO. SEVERINO. GIULIANO MARTIRE E BASILISSA VERGINE. BENEDETTO BISCOP. BEATA VERONICA DI BINASCO. DESLE OU DEICOLE. PRIET OU PRIX. LEUCE THYRS E GALLINIQUE. BEATO E. SUSONE. CASIMIRO ATTALO LUDGER JONAS BARACHISIUS. BEATA GIOVANNA DI TOLOSA. FRANCESCO DI PAOLA. RICCARDO. CATERINA THOMAS. EDESE. BEATA IDA. BEATO PIETRO GONZALEZ. PIETRO ARMENGOL. SIGISMONDO. BEATA ELISABETTA DI TOESS. DOMITILLA E COMPAGNE. PIETRO DI BELLEVAUX. PRUDENZIA. BEATO BERNARDO DE MORLAAS. TEODOSIA. ETC... CONFRONTA INDICI DEL VOLUME PER ALTRI SANTI.  aSocietà San Paolo EM - Piazza San Paolo, 14 - 12051 ALBA (CN) (non commercial uses only) ® Copyright 2017 a... N. XLVIII N. LII. AN. V. 1931. N. LIV. AN. V. 1931. LA RIVISTA DEI SANTI E SANTE. RACCOLTA MANCANTE DI ALCUNI FASCICOLI. S. VINCENZO FERRERI. . GERTRUDE DI WAUDRU. S. MACARIO. ROBERTO BEATA MARIA DELL'INCARNAZIONE. FEDELE DI SIGMARINGA. CATERINA DA SIENA. SOFRONIO EUFRASIA MATILDE. S. BASILIO DI ANCIRA. GIUSEPPE ORIOL. GIOVANNI DAMASCENO GIOVANNI CLIMACO. SEVERINO. GIULIANO MARTIRE E BASILISSA VERGINE. BENEDETTO BISCOP. BEATA VERONICA DI BINASCO. DESLE OU DEICOLE. PRIET OU PRIX. LEUCE THYRS E GALLINIQUE. BEATO E. SUSONE. CASIMIRO ATTALO LUDGER JONAS BARACHISIUS. BEATA GIOVANNA DI TOLOSA. FRANCESCO DI PAOLA. RICCARDO. CATERINA THOMAS. EDESE. BEATA IDA. BEATO PIETRO GONZALEZ. PIETRO ARMENGOL. SIGISMONDO. BEATA ELISABETTA DI TOESS. DOMITILLA E COMPAGNE. PIETRO DI BELLEVAUX. PRUDENZIA. BEATO BERNARDO DE MORLAAS. TEODOSIA. ETC... CONFRONTA INDICI DEL VOLUME PER ALTRI SANTI.  aANGELI SANTI DEMONI